Datum a čas kvízu

28.5 Celkem bodů Celkový počet nahraných bodů na tomto kvízu bez doplňovacích otázek.
3. Pořadí na kvízu Konečné umístění týmu na tomto kvízu.

Zaznamenané odpovědi

# Otázka Odpověď Body Výsledky
1. Komu přišlo hodně troufalé, že... 0
2. Na výzkumné stanici na Antarkt... 0
3. Ve čtvrtek vstoupil do našich... 1
4. Americká společnost IBM minulý... 0
5. Jedna z největších legend svéh... 1
6. Pokud jste na titulní otázku o... 0
7. Americký herec Tobin Bell byl... 1
5. Nejúspěšnějším hororem, co do... 0
5. Filmová série Resident Evil je... 0
10. Shaun je hospodský povaleč, co... 0.5